000 00911nam a2200229Ia 4500
999 _c53152
_d53152
001 20191
003 GE_BSU
005 20250716114431.0
008 181216s1979||||ge |||||||||||||| ||geo||
040 _cGE_BSU
041 _ageo
080 _a53(042.4)+535(042.4) ღ–80
100 _aღონღაძე, დ.
_925658
245 _aზოგადი ფიზიკა : ოპტიკა :
_bლექციების კურსი /
_cდ.ღონღაძე, გ. კურკუმული ; რედ. : ა. ჩიკოიძე.
264 _aთბილისი :
_bთბილისის უნ-ტის გამ-ბა,
_c1979.
300 _a134 გვ. ;
_c21 სმ.
541 _h3 ლ.
653 _aზოგადი ფიზიკა
653 _a ოპტიკა
700 _aჩიკოიძე, ა.
_eრედაქტორი
_925659
942 _cBK
_2udc